Performance intervention maps : 39 strategies for solving your organization's problems /

Readers are guided through a journey where they learn to link root causes to appropriate interventions, using cleverly constructed road maps. While the authors note that no accounting of performance interventions can ever be called complete, the list presented in this book provides a foundation from...

Full description

Bibliographic Details
Corporate Author: American Society for Training and Development
Other Authors: Sanders, Ethan S.
Format: eBook
Language:English
Published: Alexandria, Va. : American Society for Training and Development, 2001.
Subjects:
Online Access:Connect to the full text of this electronic book

MARC

Tag First Indicator Second Indicator Subfields
LEADER 00000cam a2200000Ia 4500
001 in00004747653
006 m o d
007 cr unu||||||||
008 060306s2001 vau ob 000 0 eng d
005 20260129165153.2
019 |a 70161380  |a 827906995 
020 |a 1562862936 
020 |a 9781562862930 
020 |a 1562864149 
020 |a 9781562864149 
035 |a (OCoLC)64549955  |z (OCoLC)70161380  |z (OCoLC)827906995 
037 |a CL0500000001  |b Safari Books Online 
037 |a 1562864149  |b O'Reilly Media 
040 |a UMI  |b eng  |e pn  |c UMI  |d OCLCQ  |d WAU  |d COO  |d OCLCQ  |d OCLCF  |d OCLCO  |d OCLCQ  |d OCLCO  |d INARC  |d ORMDA 
049 |a TXAM 
050 4 |a HF5549.5 .T7  |b S260 2001 
082 0 4 |a 658.3/14  |2 21 
245 0 0 |a Performance intervention maps :  |b 39 strategies for solving your organization's problems /  |c [edited by] Ethan S. Sanders. 
260 |a Alexandria, Va. :  |b American Society for Training and Development,  |c 2001. 
300 |a 1 online resource (283 pages) 
336 |a text  |b txt  |2 rdacontent 
337 |a computer  |b c  |2 rdamedia 
338 |a online resource  |b cr  |2 rdacarrier 
504 |a Includes bibliographical references. 
588 0 |a Print version record. 
520 |a Readers are guided through a journey where they learn to link root causes to appropriate interventions, using cleverly constructed road maps. While the authors note that no accounting of performance interventions can ever be called complete, the list presented in this book provides a foundation from which a practitioner can begin investigating the most appropriate solutions for his or her clients. In addition to the books unique framework for approaching performance issues, readers will find advice and guidance for more than 20 performance improvement experts and practitioners who demonstrate how these principles have been applied successfully in the field. 
650 0 |a Employees  |x Training of  |x Evaluation. 
650 0 |a Performance standards. 
650 0 |a Achievement motivation. 
650 6 |a Personnel  |x Formation  |x Évaluation. 
650 6 |a Rendement au travail  |x Normes. 
650 6 |a Motivation d'accomplissement. 
650 7 |a Achievement motivation.  |2 fast  |0 (OCoLC)fst00795656 
650 7 |a Employees  |x Training of  |x Evaluation.  |2 fast  |0 (OCoLC)fst00909234 
650 7 |a Performance standards.  |2 fast  |0 (OCoLC)fst01057876 
655 7 |a Electronic books.  |2 local 
700 1 |a Sanders, Ethan S. 
710 2 |a American Society for Training and Development. 
856 4 0 |u https://proxy.library.tamu.edu/login?url=https://go.oreilly.com/TAMU/library/view/-/1562864149/?ar  |z Connect to the full text of this electronic book  |t 0 
955 |a Safari/O'Reilly ebooks 
994 |a 92  |b TXA 
999 f f |s 571658ff-9180-4689-b332-de76785c697d  |i fad591d4-b7b9-4a11-b799-21816db64510  |t 0 
952 f f |a Texas A&M University  |b College Station  |c Electronic Resources  |s www_evans  |d Available Online  |t 0  |e HF5549.5 .T7 S260 2001  |h Library of Congress classification 
998 f f |a HF5549.5 .T7 S260 2001  |t 0  |l Available Online